| 000 | 01056cam a2200253 4500 | ||
|---|---|---|---|
| 001 | WB3702-17 | ||
| 008 | 000000n2001 000 0 eng u | ||
| 035 | _a(Sirsi) u110324 | ||
| 245 | _aLet the mapping commence | ||
| 260 | _c2001 | ||
| 490 |
_aCountryside Agency Press Release _v9 January 2001, (1) |
||
| 520 | _aCountryside Agency signs contract with specialists Binnie, Black & Heath, to start mapping 'open country' and common land, and provide a Geographical Information System (GIS) which will help the management of access rights and information. When completed in 2003, the project will provide people with new access to thousands of acres of English countryside. For further information contact Julia Cropley or Nigel Ellway on 020 7340 2909/7. | ||
| 590 | _aWB | ||
| 650 | _aCOUNTRYSIDE AGENCY | ||
| 650 | _aACCESS TO THE COUNTRYSIDE | ||
| 650 | _aACCESS RIGHTS | ||
| 650 | _aMAPPING | ||
| 650 | _aCOUNTRYSIDE | ||
| 650 | _aGIS | ||
| 650 | _aCOMMON LAND | ||
| 650 | _aGIS | ||
| 690 | _aMAPPING AND MEASUREMENT | ||
| 942 | _n0 | ||
| 999 |
_c65792 _d65792 |
||